000 00448nam a2200169Ia 4500
008 230917s9999||||xx |||||||||||||| ||und||
020 _cRS225
040 _e213756
_aMAIN
041 _aEnglish
082 _a515.64 G959C
100 _aGupta, A S
245 0 _aCalculus of variations with application
260 _aDelhi
_bPHI Learning
_c2013
300 _aix, 242 p.
500 _a62 15/01/2014 5647 03/02/2014 Mathematics (NBHM)
942 _cBK
999 _c11040
_d11040